Conditional security for business tenancies (Record no. 65369)

MARC details
000 -LEADER
fixed length control field 01410cam a2200277 4500
001 - CONTROL NUMBER
control field ABS63193
008 - FIXED-LENGTH DATA ELEMENTS--GENERAL INFORMATION
fixed length control field 000000n2000 000 0 eng u
035 ## - SYSTEM CONTROL NUMBER
System control number (Sirsi) u109490
100 ## - MAIN ENTRY--PERSONAL NAME
Personal name Smith, P
245 ## - TITLE STATEMENT
Title Conditional security for business tenancies
260 ## - PUBLICATION, DISTRIBUTION, ETC.
Date of publication, distribution, etc. 2000
490 ## - SERIES STATEMENT
Series statement Rent Review and Lease Renewal
Volume/sequential designation September(3), 123-131(5)
520 ## - SUMMARY, ETC.
Summary, etc. Considers the Landlord and Tenant Act 1954 Part II in the context of landlord opposition to new tenancy. The landlord of premises held on a business tenancy can oppose new tenancy if he has clear intention to demolish or reconstruct the premises, or occupy them for business or personal use. Investigates the intention issue in detail, with reference to "Aberdeen Steak Houses Group Ltd v Crown Estate Commissioners' and other recent case law. Highlights the difference between 'desire' and 'intention', and looks at the intention and real chance tests. Case law
590 ## - LOCAL NOTE (RLIN)
Local note ABS
650 ## - SUBJECT ADDED ENTRY--TOPICAL TERM
Topical term or geographic name entry element LANDLORD AND TENANT ACT 1954 PART II
650 ## - SUBJECT ADDED ENTRY--TOPICAL TERM
Topical term or geographic name entry element NEW TENANCIES
650 ## - SUBJECT ADDED ENTRY--TOPICAL TERM
Topical term or geographic name entry element DEMOLITION
650 ## - SUBJECT ADDED ENTRY--TOPICAL TERM
Topical term or geographic name entry element RECONSTRUCTION
650 ## - SUBJECT ADDED ENTRY--TOPICAL TERM
Topical term or geographic name entry element COPPIN AND OTHERS V BRUCE-SMITH
650 ## - SUBJECT ADDED ENTRY--TOPICAL TERM
Topical term or geographic name entry element ABERDEEN STEAK HOUSES GROUP LTD V CROWN ESTATE COMMISSIONERS
650 ## - SUBJECT ADDED ENTRY--TOPICAL TERM
Topical term or geographic name entry element CADOGAN AND ANOTHER V MCCARTHY & STONE DEVELOPMENTS LTD
650 ## - SUBJECT ADDED ENTRY--TOPICAL TERM
Topical term or geographic name entry element INTENTION TEST
650 ## - SUBJECT ADDED ENTRY--TOPICAL TERM
Topical term or geographic name entry element INTENTION
690 ## - LOCAL SUBJECT ADDED ENTRY--TOPICAL TERM (OCLC, RLIN)
Topical term or geographic name as entry element LANDLORD AND TENANT-BUSINESS TENANCIES
942 ## - ADDED ENTRY ELEMENTS (KOHA)
Suppress in OPAC 0
Holdings
Withdrawn status Lost status Source of classification or shelving scheme Damaged status Not for loan Home library Current library Shelving location Date acquired Total Checkouts Full call number Barcode Date last seen Copy number Price effective from Koha item type
    Dewey Decimal Classification     London London Journal article 23/11/2000   ABS63193 109490-1001 06/08/2019 1 06/08/2019 Journal article